<?xml version="1.0" encoding="UTF-8"?>
<record
    xmlns:xsi="http://www.w3.org/2001/XMLSchema-instance"
    xsi:schemaLocation="http://www.loc.gov/MARC21/slim http://www.loc.gov/standards/marcxml/schema/MARC21slim.xsd"
    xmlns="http://www.loc.gov/MARC21/slim">

  <leader>00748nam a22001337a 4500</leader>
  <datafield tag="040" ind1=" " ind2=" ">
    <subfield code="c">RUA</subfield>
  </datafield>
  <datafield tag="082" ind1=" " ind2=" ">
    <subfield code="a">VEM SOY 2020 B1-530 Or.</subfield>
  </datafield>
  <datafield tag="100" ind1=" " ind2=" ">
    <subfield code="a">SOY PICH,&#x179F;&#x1799; &#x1796;&#x17C1;&#x1787;&#x17D2;&#x179A;</subfield>
  </datafield>
  <datafield tag="245" ind1=" " ind2=" ">
    <subfield code="a">GASTRO-INTESTINAL PARASITES IN DOMESTIC CHICKEN AT SMALL FARM,KORKI COMMUNE,KEINSVAY DISTRICT,KANDAL PROVINCE,&#x1794;&#x179A;&#x17B6;&#x179F;&#x17B7;&#x178F;&#x1780;&#x17D2;&#x1793;&#x17BB;&#x1784;&#x1794;&#x17D2;&#x179A;&#x178A;&#x17B6;&#x1794;&#x17CB;&#x179A;&#x17C6;&#x179B;&#x17B6;&#x1799;&#x17A2;&#x17B6;&#x17A0;&#x17B6;&#x179A;&#x1798;&#x17B6;&#x1793;&#x17CB;&#x179F;&#x17B6;&#x1785;&#x17CB;&#x1793;&#x17C5;&#x1780;&#x179F;&#x17B7;&#x178A;&#x17D2;&#x178B;&#x17B6;&#x1793;&#x1781;&#x17D2;&#x1793;&#x17B6;&#x178F;&#x178F;&#x17BC;&#x1785; &#x1783;&#x17BB;&#x17C6;&#x1782;&#x1782;&#x17B8;&#x179A;&#x200B; &#x179F;&#x17D2;&#x179A;&#x17BB;&#x1780;&#x1780;&#x17C0;&#x1793;&#x179F;&#x17D2;&#x179C;&#x17B6;&#x1799;&#x200B; &#x1781;&#x17C1;&#x178F;&#x17D2;&#x178F;&#x1780;&#x178E;&#x17D2;&#x178F;&#x17B6;&#x179B;</subfield>
  </datafield>
  <datafield tag="260" ind1=" " ind2=" ">
    <subfield code="a">phnom penh</subfield>
    <subfield code="b">rua</subfield>
    <subfield code="c">2020</subfield>
  </datafield>
  <datafield tag="300" ind1=" " ind2=" ">
    <subfield code="a">ix.39p.</subfield>
    <subfield code="b">ill.</subfield>
    <subfield code="c">29cm.</subfield>
  </datafield>
  <datafield tag="856" ind1=" " ind2=" ">
    <subfield code="u">https://drive.google.com/file/d/1q0tj3VcW1pn5fhRZ_B2q9i0fNUbFhhC7/view?usp=sharing</subfield>
  </datafield>
  <datafield tag="942" ind1=" " ind2=" ">
    <subfield code="c">VEM</subfield>
  </datafield>
  <datafield tag="999" ind1=" " ind2=" ">
    <subfield code="c">21765</subfield>
    <subfield code="d">21765</subfield>
  </datafield>
  <datafield tag="952" ind1=" " ind2=" ">
    <subfield code="0">0</subfield>
    <subfield code="1">0</subfield>
    <subfield code="4">0</subfield>
    <subfield code="6">VEM_SOY_2020_000000000000000_B1530_OR</subfield>
    <subfield code="7">0</subfield>
    <subfield code="9">94716</subfield>
    <subfield code="a">LBB</subfield>
    <subfield code="b">LBB</subfield>
    <subfield code="c">B1.530</subfield>
    <subfield code="d">2023-08-25</subfield>
    <subfield code="l">1</subfield>
    <subfield code="o">VEM SOY 2020 B1-530 Or.</subfield>
    <subfield code="p">a72387</subfield>
    <subfield code="r">2025-11-24</subfield>
    <subfield code="s">2025-11-14</subfield>
    <subfield code="y">VEM</subfield>
  </datafield>
  <datafield tag="952" ind1=" " ind2=" ">
    <subfield code="0">0</subfield>
    <subfield code="1">0</subfield>
    <subfield code="4">0</subfield>
    <subfield code="6">VEM_SOY_2020_000000000000000_B1530_OR</subfield>
    <subfield code="7">0</subfield>
    <subfield code="9">94717</subfield>
    <subfield code="a">LBB</subfield>
    <subfield code="b">LBB</subfield>
    <subfield code="c">B1.530</subfield>
    <subfield code="d">2023-08-25</subfield>
    <subfield code="o">VEM SOY 2020 B1-530 Or.</subfield>
    <subfield code="p">a72687</subfield>
    <subfield code="r">2023-08-25</subfield>
    <subfield code="y">VEM</subfield>
  </datafield>
  <datafield tag="952" ind1=" " ind2=" ">
    <subfield code="0">0</subfield>
    <subfield code="1">0</subfield>
    <subfield code="4">0</subfield>
    <subfield code="6">VEM_SOY_2020_000000000000000_B1530_OR</subfield>
    <subfield code="7">0</subfield>
    <subfield code="9">94718</subfield>
    <subfield code="a">LBB</subfield>
    <subfield code="b">LBB</subfield>
    <subfield code="c">B1.530</subfield>
    <subfield code="d">2023-08-25</subfield>
    <subfield code="o">VEM SOY 2020 B1-530 Or.</subfield>
    <subfield code="p">a72148</subfield>
    <subfield code="r">2023-08-25</subfield>
    <subfield code="y">VEM</subfield>
  </datafield>
  <datafield tag="952" ind1=" " ind2=" ">
    <subfield code="0">0</subfield>
    <subfield code="1">0</subfield>
    <subfield code="4">0</subfield>
    <subfield code="6">VEM_SOY_2020_000000000000000_B1530_OR</subfield>
    <subfield code="7">0</subfield>
    <subfield code="9">94719</subfield>
    <subfield code="a">LBB</subfield>
    <subfield code="b">LBB</subfield>
    <subfield code="c">B1.530</subfield>
    <subfield code="d">2023-08-25</subfield>
    <subfield code="o">VEM SOY 2020 B1-530 Or.</subfield>
    <subfield code="p">a72644</subfield>
    <subfield code="r">2023-08-25</subfield>
    <subfield code="y">VEM</subfield>
  </datafield>
  <datafield tag="952" ind1=" " ind2=" ">
    <subfield code="0">0</subfield>
    <subfield code="1">0</subfield>
    <subfield code="4">0</subfield>
    <subfield code="6">VEM_SOY_2020_000000000000000_B1530_OR</subfield>
    <subfield code="7">0</subfield>
    <subfield code="9">94720</subfield>
    <subfield code="a">LBB</subfield>
    <subfield code="b">LBB</subfield>
    <subfield code="c">B1.530</subfield>
    <subfield code="d">2023-08-25</subfield>
    <subfield code="o">VEM SOY 2020 B1-530 Or.</subfield>
    <subfield code="p">a72719</subfield>
    <subfield code="r">2023-08-25</subfield>
    <subfield code="y">VEM</subfield>
  </datafield>
  <datafield tag="952" ind1=" " ind2=" ">
    <subfield code="0">0</subfield>
    <subfield code="1">0</subfield>
    <subfield code="4">0</subfield>
    <subfield code="6">VEM_SOY_2020_000000000000000_B1530_OR</subfield>
    <subfield code="7">0</subfield>
    <subfield code="9">94721</subfield>
    <subfield code="a">LBB</subfield>
    <subfield code="b">LBB</subfield>
    <subfield code="c">B1.530</subfield>
    <subfield code="d">2023-08-25</subfield>
    <subfield code="l">1</subfield>
    <subfield code="o">VEM SOY 2020 B1-530 Or.</subfield>
    <subfield code="p">a72803</subfield>
    <subfield code="r">2024-07-18</subfield>
    <subfield code="s">2024-07-05</subfield>
    <subfield code="y">VEM</subfield>
  </datafield>
</record>
